[Event "Dombai"]
[Site "Dombai"]
[Date "2010.12.27"]
[Round "7"]
[White "Barsukov, Alexander"]
[Black "Eryomenko, Volodymyr"]
[Result "0-1"]
[WhiteElo "2304"]
[BlackElo "2515"]
[PlyCount "138"]
[EventDate "2010.12.21"]
[EventType "swiss"]
[EventRounds "9"]
[EventCountry "RUS"]
[EventCategory "6"]
[SourceTitle "CBM 140 Extra"]
[Source "ChessBase"]
[SourceDate "2011.03.01"]
[SourceVersion "1"]
[SourceVersionDate "2011.03.01"]
[SourceQuality "1"]

1. c4 Nf6 2. Nc3 d5 3. cxd5 Nxd5 4. Nf3 g6 5. Qa4+ Bd7 6. Qh4 Bc6 7. Qd4 f6 8. e4 e5 9. Nxe5 fxe5 10. Qxe5+ Qe7 11. Qxh8 Nf6 12. f3 Nbd7 13. d4 0-0-0 14. Bg5 Qb4 15. Rb1 Bh6 16. Qxd8+ Kxd8 17. Bxh6 Qxd4 18. Rd1 Qc5 19. Bd3 g5 20. Rd2 Ke7 21. h4 gxh4 22. Rxh4 Ne5 23. Bf1 Ke8 24. Bg7 Qe3+ 25. Kd1 Qg1 26. Bxf6 Qxf1+ 27. Kc2 Nc4 28. Rd8+ Kf7 29. e5 Nxe5 30. Bxe5 Qf2+ 31. Rd2 Qxh4 32. Bxc7 h5 33. b3 Qg5 34. Bb8 Qg6+ 35. Kb2 a6 36. Be5 h4 37. Bc7 b5 38. Bd8 b4 39. Nd1 Qg7+ 40. Kc2 Qh7+ 41. Kc1 Qh8 42. Kc2 h3 43. gxh3 Qxh3 44. Bb6 Bxf3 45. Bd4 Qf5+ 46. Kc1 Ke6 47. Ne3 Qh5 48. Rf2 Qb5 49. Nc2 Be4 50. Kb2 a5 51. Rd2 a4 52. bxa4 Qxa4 53. Bc5 Bxc2 54. Rxc2 Kd5 55. Kb1 Ke4 56. Be7 Kd3 57. Rc1 b3 58. axb3 Qxb3+ 59. Ka1 Qa4+ 60. Kb2 Qb5+ 61. Ka2 Qd5+ 62. Kb2 Qb7+ 63. Ka2 Qxe7 64. Rb1 Qa7+ 65. Kb2 Qa4 66. Rh1 Qd4+ 67. Ka3 Qa7+ 68. Kb4 Qb8+ 69. Kc5 Qc7+ 0-1

[Event "Dombai"]
[Site "Dombai"]
[Date "2010.12.25"]
[Round "5"]
[White "Barsukov, Alexander"]
[Black "Kiselev, Vitaliy1111"]
[Result "1-0"]
[WhiteElo "2304"]
[BlackElo "2535"]
[PlyCount "67"]
[EventDate "2010.12.21"]
[EventType "swiss"]
[EventRounds "9"]
[EventCountry "RUS"]
[EventCategory "6"]
[SourceTitle "CBM 140 Extra"]
[Source "ChessBase"]
[SourceDate "2011.03.01"]
[SourceVersion "1"]
[SourceVersionDate "2011.03.01"]
[SourceQuality "1"]

1. e4 c5 2. c3 d5 3. exd5 Qxd5 4. d4 cxd4 5. cxd4 e5 6. Nc3 Bb4 7. Bd2 Bxc3 8. Bxc3 exd4 9. Qxd4 Qxd4 10. Bxd4 f6 11. 0-0-0 Nc6 12. Bc5 Nge7 13. Bc4 Ne5 14. Nf3 Nxc4 15. Rhe1 0-0 16. Rxe7 b6 17. Bb4 a5 18. Bc3 Bg4 19. Rd4 Bxf3 20. Rdd7 Be4 21. Rxe4 Ne5 22. Rd6 b5 23. Rd5 b4 24. Bxe5 fxe5 25. f3 Rac8+ 26. Kd2 Rfd8 27. Rexe5 Rxd5+ 28. Rxd5 a4 29. Rb5 Rc4 30. Kd3 Rh4 31. h3 Kf7 32. Ra5 b3 33. axb3 axb3 34. Rb5 1-0

[Event "Dombai"]
[Site "Dombai"]
[Date "2010.12.22"]
[Round "2"]
[White "Netrebko, Alexander"]
[Black "Barsukov, Alexander"]
[Result "0-1"]
[WhiteElo "2157"]
[BlackElo "2304"]
[PlyCount "102"]
[EventDate "2010.12.21"]
[EventType "swiss"]
[EventRounds "9"]
[EventCountry "RUS"]
[EventCategory "6"]
[SourceTitle "CBM 140 Extra"]
[Source "ChessBase"]
[SourceDate "2011.03.01"]
[SourceVersion "1"]
[SourceVersionDate "2011.03.01"]
[SourceQuality "1"]

1. d4 Nf6 2. Nf3 e6 3. c3 d5 4. Bg5 c5 5. e3 Be7 6. Bd3 Nc6 7. Nbd2 Qc7 8. Bf4 Bd6 9. Bxd6 Qxd6 10. 0-0 0-0 11. Re1 e5 12. dxe5 Nxe5 13. Nxe5 Qxe5 14. Nf3 Qe7 15. Qc2 b6 16. Rad1 Bb7 17. Bf1 Rad8 18. Nd2 a6 19. a4 Rfe8 20. c4 dxc4 21. Nxc4 b5 22. axb5 axb5 23. Nd2 Bc6 24. Nb3 c4 25. Nd4 Be4 26. Qc3 Qe5 27. f3 Ba8 28. Nc2 Qxc3 29. bxc3 Nd5 30. Na3 Rb8 31. Rc1 Nxe3 32. Kf2 Nxf1 33. Kxf1 Bc6 34. Rxe8+ Rxe8 35. Rb1 Re3 36. Nxb5 Bxb5 37. Rxb5 g6 38. Rc5 Rxc3 39. Kf2 Rc2+ 40. Kg3 Kg7 41. h4 h5 42. Rc7 c3 43. Rc6 f6 44. Rc7+ Kf8 45. Rc6 Kf7 46. Rc7+ Ke6 47. Rc6+ Ke5 48. Rc5+ Kd4 49. Rc6 Re2 50. Rxf6 c2 51. Rc6 Kd3 0-1